Logo BPK

Biblioteka

Politechniki Koszalińskiej

Proces (Rekord nr 55660)

Szczegóły MARC
000 -ETYKIETA REKORDU
podpole kontrolne o stałej długości 00830nam a2200289 i 4500
001 - NUMER KONTROLNY REKORDU
pole kontrolne bg
020 ## - MIĘDZYNARODOWY ZNORMALIZOWANY NUMER KSIĄŻKI - ISBN
ISBN 8389651726
020 ## - MIĘDZYNARODOWY ZNORMALIZOWANY NUMER KSIĄŻKI - ISBN
ISBN 849789720X
040 ## - ŹRÓDŁO KATALOGOWANIA
Instytucja, która utworzyła rekord BPK
041 1# - KOD JĘZYKA
Kod języka tekstu pol
Kod języka oryginału ger
044 ## - KOD KRAJU WYDAWCY/PRODUCENTA
Kod kraju wydawcy/producenta POL
080 ## - UNIWERSALNA KLASYFIKACJA DZIESIĘTNA - UKD
UKD 821.112.2(436)-3
920 ## - Międzynarodowy znormalizowany numer książki – ISBN
ISBN 83-89651-72-6
920 ## - Międzynarodowy znormalizowany numer książki – ISBN
ISBN 84-9789-720-X
008 - POLE O STAŁEJ DŁUGOŚCI - DANE KONTROLNE
podpole kontrolne o stałej długości s pl f |000 0 pol
100 1# - NAZWA OSOBOWA
Nazwa osobowa Kafka, Franz
Daty związane z nazwą (1883-1924).
245 10 - TYTUŁ/ODPOWIEDZIALNOŚĆ
Tytuł Proces
Pozostałe elementy strefy tytułu i oznaczenia odpowiedzialności Franz Kafka ; przekł. Bruno Schulz.
246 1# - WARIANT TYTUŁU
Treść wyrażenia wprowadzającego Tyt. oryg.:
Tytuł Prozess
260 ## - STREFA ADRESU WYDAWNICZEGO
Miejsce wydania Kraków :
Nazwa wydawcy/dystrybutora "Mediasat Poland",
Data publikacji, dystrybucji/powstania dokumentu [2004].
300 ## - STREFA OPISU FIZYCZNEGO
Objętość 184, [3] s. ;
Rozmiary 22 cm.
490 1# - STREFA SERII I DOKUMENTU WIELOCZĘŚCIOWEGO - FORMA NIE DO WYSZUKIWANIA
Tytuł i oznaczenie odpowiedzialności serii Kolekcja Gazety Wyborczej : XX wiek ;
Numeracja w obrębie serii 23
500 ## - UWAGI OGÓLNE
Tekst uwagi Tyt. oryg.: "Der Prozess"
650 #9 - HASŁO PRZEDMIOTOWE W FORMIE NAZWY OGÓLNEJ LUB JEDNOSTKOWEJ
Nazwa ogólna lub geograficzna Powieść austriacka
Określnik chronologiczny 20 w.
700 1# - HASŁO DODATKOWE - NAZWA OSOBOWA
Nazwa osobowa Schulz, Bruno
Daty związane z nazwą (1892-1942).
Określenie związku między hasłem a opisywanym materiałem Tł.
830 #0 - HASŁO DODATKOWE SERII LUB DOKUMENTU WIELOCZĘŚCIOWEGO - TYTUŁ UJEDNOLICONY
Tytuł ujednolicony Kolekcja Gazety Wyborczej ;
Oznaczenie tomu 23
856 ## - LOKALIZACJA I DOSTĘP DO ELEKTRONICZNYCH DOKUMENTÓW ZDALNYCH
Link (URL) http://koha.tu.koszalin.pl/cgi-bin/koha/opac-detail.pl?biblionumber=55660
Tekst linku Katalog online BPK
942 ## - DODATKOWE ELEMENTY (KOHA)
Typ dokumentu Książka
Egzemplarze
Wycofany Status egzemplarza Uszkodzony Dostępność Lokalizacja stała Lokalizacja bieżąca Miejsce przechowywania Sygnatura Kod kreskowy Typ dokumentu
      Dostępny Biblioteka Politechniki Koszalińskiej Biblioteka Politechniki Koszalińskiej Wypożyczalnia BG 89049 02442242 Książka
© 2023 Biblioteka Politechniki Koszalińskiej :: KOHA